Statistiken für Blaue Dinge - Bildquiz

Klicken Sie hier um das Quiz zu spielen!

Allgemein

  • Dieses Quiz wurde 1,156 mal gespielt
  • Das Durchschnittsergebnis liegt bei 12 aus 18

Antwortstatistiken

Answer % Korrekt
Facebook
99%
Schweden
98%
Europäische Union
96%
Volkswagen
96%
Bayern
93%
Pfau
86%
Alternative für Deutschland
79%
Gletscher
71%
Saphir
68%
Blue Man Group
67%
Blaumeise
67%
Istanbul
67%
Kasachstan
62%
Uranus
57%
Pablo Picasso
31%
Windows
29%
Die Sternennacht
21%
Belize
14%

Verteilung der Resultate

Perzentil nach korrekt beantworteten Fragen

Anzahl Personen mit jedem Resultat

Ihre Resultats-Entwicklung

Sie haben dieses Quiz noch nicht gespielt